000
00298nam a2200121Ia 4500
008
220216s9999 xx 000 0 und d
100
_a
Lindley P B
245
0
_a
Natural rubber in engineering
260
_b
Rubber Board Bulletin
_c
1983
300
_a
16-Nov
700
_a
Leaver Andrew
942
_c
JS
999
_c
63537
_d
63537